[Event "4NCL Online Division 3"]
[Site "online"]
[Date "2020.05.26"]
[Round "8.34"]
[White "Edwards, Jacob"]
[Black "Kumar, Soham"]
[Result "0-1"]
[WhiteElo "1412"]
[BlackElo "1742"]
[PlyCount "48"]
[EventDate "2020.05.26"]
[WhiteTeam "Stroud The Young"]
[BlackTeam "CSC 4"]

1. d4 Nf6 2. Bf4 g6 3. e3 Bg7 4. c3 d6 5. Nd2 O-O 6. Bd3 Nbd7 7. h4 e5 8. Bg3
b6 9. Ngf3 Bb7 10. e4 exd4 11. Nxd4 Nc5 12. Qe2 Re8 13. f3 Nh5 14. Nf1 Be5 15.
Bxe5 dxe5 16. Nc2 Nxd3+ 17. Kd1 Nhf4 18. Qd2 Nf2+ 19. Kc1 Qxd2+ 20. Kxd2 Nxh1
21. Nfe3 Nf2 22. Rf1 Rad8+ 23. Kc1 N2d3+ 24. Kb1 Nc5 0-1

[Event "4NCL Online Division 3"]
[Site "online"]
[Date "2020.05.26"]
[Round "8.41"]
[White "Menadue, Jeremy F S"]
[Black "Pleasants, Allan J"]
[Result "1/2-1/2"]
[WhiteElo "1996"]
[BlackElo "2001"]
[PlyCount "93"]
[EventDate "2020.05.26"]
[WhiteTeam "Falmouth & Truro"]
[BlackTeam "Wessex Some Stars B"]

1. d4 d6 2. Nf3 g6 3. e4 Bg7 4. c3 Nf6 5. Bd3 O-O 6. O-O Nc6 7. Re1 e5 8. h3
Re8 9. Nbd2 Nh5 10. d5 Ne7 11. Nf1 c6 12. c4 h6 13. Bd2 Nf4 14. Bxf4 exf4 15.
Qd2 g5 16. Rad1 c5 17. e5 dxe5 18. Nxe5 Nf5 19. Nf3 Nd4 20. N1h2 Bd7 21. Nxd4
Bxd4 22. Rxe8+ Qxe8 23. Re1 Qf8 24. Nf3 Bf6 25. Ne5 Qd6 26. Nxd7 Qxd7 27. Bb1
Re8 28. Rxe8+ Qxe8 29. Qc2 Bg7 30. b3 Qe1+ 31. Kh2 Qe5 32. Qh7+ Kf8 33. Qf5
Qxf5 34. Bxf5 Ke7 35. Kg1 b6 36. Kf1 Kf6 37. Bh7 Ke5 38. Ke2 Bf8 39. Kd3 Bd6
40. f3 h5 41. Bg8 f6 42. Bf7 h4 43. Be6 Bf8 44. Bc8 Bd6 45. Be6 Bf8 46. Bc8 Bd6
47. Be6 1/2-1/2

[Event "4NCL Online Division 3"]
[Site "online"]
[Date "2020.05.26"]
[Round "8.42"]
[White "Pentakota, Rajasekhar"]
[Black "Kneebone, Robin F G"]
[Result "0-1"]
[WhiteElo "1858"]
[BlackElo "1952"]
[PlyCount "80"]
[EventDate "2020.05.26"]
[WhiteTeam "Wessex Some Stars B"]
[BlackTeam "Falmouth & Truro"]

1. c4 Nf6 2. Nc3 e6 3. g3 d5 4. Bg2 d4 5. Ne4 Nxe4 6. Bxe4 Nd7 7. d3 Nf6 8. Bg2
c6 9. Nf3 Bd6 10. O-O e5 11. e3 dxe3 12. Bxe3 O-O 13. d4 e4 14. Nd2 Re8 15. Qc2
Bf5 16. Bg5 Be7 17. Rfe1 Qxd4 18. Nxe4 Nxe4 19. Bxe4 Bb4 20. Bxf5 Rxe1+ 21.
Rxe1 Bxe1 22. Be3 Qe5 23. Bxh7+ Kh8 24. Be4 Re8 25. Bg2 Bb4 26. a3 Bc5 27. Bxc5
Qxc5 28. Be4 a5 29. Bd3 Qd4 30. Bf1 Re1 31. Kg2 Qd1 32. Qxd1 Rxd1 33. b4 a4 34.
b5 Ra1 35. bxc6 bxc6 36. Bd3 Rxa3 37. Bc2 Ra2 38. Be4 c5 39. Kf3 a3 40. Ke3 Rb2
0-1

[Event "4NCL Online Division 3"]
[Site "online"]
[Date "2020.05.26"]
[Round "8.43"]
[White "Hassall, Mark I"]
[Black "Weatherlake, John P"]
[Result "1-0"]
[WhiteElo "1942"]
[BlackElo "1890"]
[PlyCount "46"]
[EventDate "2020.05.26"]
[WhiteTeam "Falmouth & Truro"]
[BlackTeam "Wessex Some Stars B"]

1. e4 d6 2. d4 Nf6 3. Nc3 Nbd7 4. f4 e5 5. Nf3 exd4 6. Nxd4 g6 7. Be3 Bg7 8.
Be2 O-O 9. O-O Re8 10. Bf3 Nc5 11. e5 dxe5 12. Ndb5 Ne6 13. Qxd8 Rxd8 14. fxe5
Ne8 15. Nxa7 Bxe5 16. Nxc8 Raxc8 17. Nd5 Bd6 18. c4 Bc5 19. Bxc5 Nxc5 20. Ne7+
Kg7 21. Nxc8 Rxc8 22. b4 Ne6 23. Bxb7 Rb8 1-0

[Event "4NCL Online Division 3"]
[Site "online"]
[Date "2020.05.26"]
[Round "8.44"]
[White "Adaway, William"]
[Black "Willis, Toby W"]
[Result "1/2-1/2"]
[WhiteElo "1857"]
[BlackElo "1892"]
[PlyCount "106"]
[EventDate "2020.05.26"]
[WhiteTeam "Wessex Some Stars B"]
[BlackTeam "Falmouth & Truro"]

1. c4 Nf6 2. Nc3 g6 3. e4 d6 4. d4 Bg7 5. Nf3 O-O 6. h3 e5 7. dxe5 dxe5 8. Qxd8
Rxd8 9. Bg5 c6 10. Nxe5 Re8 11. f4 Na6 12. O-O-O Nc5 13. Bd3 h6 14. Bxf6 Bxf6
15. Ng4 Bxc3 16. bxc3 Kg7 17. e5 Be6 18. Nf6 Red8 19. Be2 g5 20. g4 gxf4 21.
Nh5+ Kg8 22. Nxf4 Nd7 23. Nxe6 fxe6 24. Rhe1 Nxe5 25. Bf1 Rxd1+ 26. Kxd1 Rd8+
27. Kc2 Nf3 28. Rxe6 Rd2+ 29. Kb3 Rf2 30. Bd3 Nd2+ 31. Kb4 Rf3 32. Bf5 Rf4 33.
Kc5 Rxc4+ 34. Kd6 Rxc3 35. Re8+ Kf7 36. Re7+ Kf6 37. Rxb7 Rxh3 38. Rxa7 Rc3 39.
Rc7 Ra3 40. Rxc6 Rxa2 41. Kd7+ Kg5 42. Rg6+ Kf4 43. Rxh6 Ra7+ 44. Kc8 Nc4 45.
Rc6 Ne3 46. Rd6 Nxf5 47. gxf5 Kxf5 48. Rd5+ Ke6 49. Rd1 Rh7 50. Re1+ Kd6 51.
Rd1+ Ke6 52. Re1+ Kd6 53. Rd1+ Ke6 1/2-1/2

[Event "4NCL Online Division 3"]
[Site "online"]
[Date "2020.05.26"]
[Round "8.51"]
[White "Thomson, Neil"]
[Black "Peacock, Malcolm R"]
[Result "1-0"]
[WhiteElo "1960"]
[BlackElo "2072"]
[PlyCount "139"]
[EventDate "2020.05.26"]
[WhiteTeam "Four Horsemen"]
[BlackTeam "Preston South End"]

1. e4 e6 2. d4 d5 3. Nd2 Nf6 4. e5 Nfd7 5. Bd3 c5 6. c3 Nc6 7. Ne2 cxd4 8. cxd4
f6 9. exf6 Nxf6 10. Nf3 Bd6 11. O-O O-O 12. Bf4 Nh5 13. Bxd6 Qxd6 14. Qc2 h6
15. Bb5 Bd7 16. Bxc6 Bxc6 17. Ne5 Bb5 18. Rfe1 Rac8 19. Nc3 Be8 20. Qd2 Nf4 21.
Kh1 Qd8 22. g3 Nh5 23. f3 Rc7 24. Re3 Nf6 25. Rae1 Qc8 26. R1e2 a6 27. Nd3 Bf7
28. Nc5 b6 29. Nd3 Nd7 30. Kg2 b5 31. Nd1 Nb6 32. b3 Nd7 33. N1f2 g5 34. Ng4
Kg7 35. Nde5 Bg8 36. h4 Rf5 37. hxg5 hxg5 38. Nd3 Qf8 39. f4 gxf4 40. Nxf4 Rg5
41. Kf3 Rxg4 42. Kxg4 Qf5+ 43. Kf3 Nf6 44. Re5 Qg4+ 45. Kg2 Ne4 46. Nh5+ Qxh5
47. Rxh5 Nxd2 48. Rxd2 Bh7 49. Re5 Be4+ 50. Kh2 Rc1 51. g4 Kf6 52. g5+ Kg6 53.
Kg3 Rg1+ 54. Kf4 Rf1+ 55. Ke3 Rf3+ 56. Ke2 Kf7 57. g6+ Kxg6 58. Rxe6+ Rf6 59.
Rxf6+ Kxf6 60. Ke3 Ke7 61. Kf4 Kd6 62. Rh2 a5 63. Rh6+ Kc7 64. Ra6 a4 65. bxa4
b4 66. Ra5 Bb1 67. Rxd5 Bxa2 68. Rb5 b3 69. Ke3 Kc6 70. Kd2 1-0

[Event "4NCL Online Division 3"]
[Site "online"]
[Date "2020.05.26"]
[Round "8.52"]
[White "Thompson, Peter"]
[Black "Murdochy, Shivan"]
[Result "1-0"]
[WhiteElo "1900"]
[BlackElo "1887"]
[PlyCount "125"]
[EventDate "2020.05.26"]
[WhiteTeam "Preston South End"]
[BlackTeam "Four Horsemen"]

1. e4 e6 2. d3 d5 3. Nd2 Nf6 4. Ngf3 Bc5 5. c3 dxe4 6. Nxe4 Nxe4 7. Qa4+ Nd7 8.
Qxe4 Nf6 9. Qh4 Bd7 10. Ne5 Qe7 11. Nxd7 Qxd7 12. Qg5 Qe7 13. d4 Bd6 14. Bd3 h6
15. Qb5+ c6 16. Qb3 O-O-O 17. h3 e5 18. O-O exd4 19. cxd4 g5 20. Bd2 Bc7 21.
Bf5+ Kb8 22. Bb4 Bd6 23. Rfe1 Qc7 24. Ba5 b6 25. Rac1 Rhe8 26. Bd2 Kb7 27. a4
Rxe1+ 28. Rxe1 Re8 29. Rxe8 Nxe8 30. a5 Nf6 31. axb6 axb6 32. Bd3 Nd5 33. Bc4
Bf4 34. Bxd5 Bxd2 35. Bxf7 Qe7 36. Qf3 Bf4 37. Bc4 Qb4 38. Qe2 b5 39. Bd3 Qxd4
40. Be4 Kb6 41. g3 Bxg3 42. Kg2 Bf4 43. Bf3 Be5 44. Qc2 c5 45. Qg6+ Qd6 46. Qe4
Bxb2 47. Qb7+ Ka5 48. Qa7+ Kb4 49. Qh7 c4 50. Qc2 c3 51. Bd1 Qd5+ 52. Bf3 Qd2
53. Qe4+ Kb3 54. Qe6+ Kc2 55. Be4+ Kc1 56. Qb3 c2 57. Qa2 Kd1 58. Qxb2 c1=Q 59.
Bf3+ Ke1 60. Qe5+ Qe3 61. Qxe3+ Qxe3 62. fxe3 b4 63. Bd5 1-0

[Event "4NCL Online Division 3"]
[Site "online"]
[Date "2020.05.26"]
[Round "8.53"]
[White "Gillespie, David Paul"]
[Black "Quinn, Kenny"]
[Result "0-1"]
[WhiteElo "1862"]
[BlackElo "1825"]
[PlyCount "54"]
[EventDate "2020.05.26"]
[WhiteTeam "Four Horsemen"]
[BlackTeam "Preston South End"]

1. d4 Nf6 2. Nf3 g6 3. Nc3 d5 4. Bf4 Bg7 5. e3 Kf8 6. Be2 c6 7. Ne5 Nfd7 8. Nd3
Na6 9. h4 Qe8 10. h5 e5 11. h6 Bf6 12. dxe5 Nxe5 13. Nxe5 Bxe5 14. Bxe5 Qxe5
15. Qd4 Qxd4 16. exd4 Nc7 17. O-O-O f6 18. Rde1 Kf7 19. Na4 b6 20. c3 Bd7 21.
c4 dxc4 22. Bxc4+ Be6 23. Rxe6 Nxe6 24. Re1 Rhe8 25. Nc3 Rad8 26. Ne2 Rd6 27.
Nf4 f5 0-1

[Event "4NCL Online Division 3"]
[Site "online"]
[Date "2020.05.26"]
[Round "8.54"]
[White "Tillotson, Carl"]
[Black "Gillespie, Gary"]
[Result "1-0"]
[WhiteElo "1690"]
[BlackElo "1843"]
[PlyCount "69"]
[EventDate "2020.05.26"]
[WhiteTeam "Preston South End"]
[BlackTeam "Four Horsemen"]

1. e4 c6 2. c4 d5 3. cxd5 cxd5 4. exd5 Nf6 5. Nc3 Nxd5 6. Nf3 Nc6 7. Bb5 Nxc3
8. bxc3 Bd7 9. d4 e6 10. O-O Be7 11. Bd3 O-O 12. Re1 Qc7 13. Qe2 Rac8 14. g3 g6
15. Bh6 Rfd8 16. Bf4 Bd6 17. Bxd6 Qxd6 18. Rac1 a6 19. Nd2 Ne7 20. Ne4 Qc7 21.
Nc5 Nd5 22. c4 Nf6 23. Rb1 Bc6 24. Qb2 Kg7 25. Bf1 Rb8 26. Rbd1 Bf3 27. Rd3 Bc6
28. Rb3 Qd6 29. Rd1 Ne4 30. d5+ Nf6 31. Ne4 Qe7 32. Bg2 exd5 33. cxd5 Ba4 34.
d6 Qe6 35. Nc5 1-0

[Event "4NCL Online Division 3"]
[Site "online"]
[Date "2020.05.26"]
[Round "8.61"]
[White "Rahman, Asad"]
[Black "Srivastava, Arnav"]
[Result "1-0"]
[WhiteElo "2095"]
[BlackElo "1960"]
[PlyCount "57"]
[EventDate "2020.05.26"]
[WhiteTeam "Harrow 2"]
[BlackTeam "Poisoned Pawns"]

1. e4 c5 2. Nf3 Nc6 3. d4 cxd4 4. Nxd4 e6 5. Nc3 Nf6 6. a3 Qa5 7. Nb3 Qc7 8. f4
d6 9. Be3 Be7 10. Qf3 a6 11. g4 b5 12. g5 Nd7 13. O-O-O Bb7 14. Be2 Na5 15. Nd4
Nc4 16. Bxc4 Qxc4 17. f5 Ne5 18. Qh3 exf5 19. Nxf5 b4 20. Rd4 Qc6 21. Nxe7 Kxe7
22. Nd5+ Kf8 23. Nxb4 Qc7 24. Rhd1 Rc8 25. Rxd6 Bxe4 26. Bb6 Qc4 27. Rd8+ Ke7
28. R1d7+ Nxd7 29. Qxd7# 1-0

[Event "4NCL Online Division 3"]
[Site "online"]
[Date "2020.05.26"]
[Round "8.62"]
[White "Volovich, Julia"]
[Black "Walkusz, Miroslaw"]
[Result "0-1"]
[WhiteElo "1930"]
[BlackElo "1939"]
[PlyCount "138"]
[EventDate "2020.05.26"]
[WhiteTeam "Poisoned Pawns"]
[BlackTeam "Harrow 2"]

1. d4 d5 2. c4 c6 3. Nf3 e6 4. e3 Nf6 5. Bd3 dxc4 6. Bxc4 Nbd7 7. O-O Bd6 8.
Nc3 O-O 9. e4 e5 10. Bg5 h6 11. Bh4 b5 12. Bd3 exd4 13. Nxd4 Ne5 14. Bc2 Bg4
15. f3 Bc5 16. Bf2 Bh5 17. Nce2 Qc7 18. Qc1 Rfd8 19. Rd1 Neg4 20. fxg4 Nxg4 21.
Bg3 Qb6 22. Kh1 Bxd4 23. Nxd4 Rxd4 24. h3 Rxd1+ 25. Bxd1 Nf6 26. Bxh5 Nxh5 27.
Bd6 Re8 28. e5 Ng3+ 29. Kh2 Ne4 30. Qf4 Nxd6 31. exd6 Qb8 32. Rd1 Rd8 33. Qe5
Rd7 34. b4 Qd8 35. Rd3 Kf8 36. Qc3 Qb6 37. Qe5 Qb8 38. Qc5 Qa8 39. Rc3 f6 40.
Qxc6 Qxc6 41. Rxc6 Kf7 42. Rc5 a6 43. Rc6 Ke6 44. Rxa6 Rxd6 45. Ra7 g6 46. Rb7
Rd5 47. Rg7 Kf5 48. Kg3 Rd4 49. a3 Kg5 50. Rb7 Rd5 51. Ra7 h5 52. Ra5 Rd3+ 53.
Kh2 f5 54. Rxb5 Rxa3 55. Rb8 h4 56. b5 Rb3 57. b6 Kf4 58. b7 g5 59. Kg1 Kg3 60.
Kf1 g4 61. Rf8 Rxb7 62. Rxf5 Rb1+ 63. Ke2 Kxg2 64. hxg4 h3 65. g5 h2 66. Rf2+
Kg3 67. g6 h1=Q 68. g7 Qe4+ 69. Kd2 Qd4+ 0-1

[Event "4NCL Online Division 3"]
[Site "online"]
[Date "2020.05.26"]
[Round "8.63"]
[White "Lakhani, Kishan"]
[Black "Trivedi, Aarnavh"]
[Result "1-0"]
[WhiteElo "1977"]
[BlackElo "1975"]
[PlyCount "39"]
[EventDate "2020.05.26"]
[WhiteTeam "Harrow 2"]
[BlackTeam "Poisoned Pawns"]

1. e4 c6 2. Nf3 d5 3. e5 Bf5 4. Be2 e6 5. O-O c5 6. d4 Nc6 7. c3 Rc8 8. a3 Qb6
9. b4 cxd4 10. cxd4 h6 11. h3 Nge7 12. Nc3 Nxe5 13. dxe5 Rxc3 14. Nd4 Bg6 15.
Nb5 Rc6 16. Be3 Qd8 17. Nd6+ Rxd6 18. exd6 Qxd6 19. Qa4+ Nc6 20. b5 1-0

[Event "4NCL Online Division 3"]
[Site "online"]
[Date "2020.05.26"]
[Round "8.64"]
[White "Dharmasena, Kian"]
[Black "Dhemrait, Jagdeep"]
[Result "0-1"]
[WhiteElo "1825"]
[BlackElo "1982"]
[PlyCount "130"]
[EventDate "2020.05.26"]
[WhiteTeam "Poisoned Pawns"]
[BlackTeam "Harrow 2"]

1. e4 c5 2. Nf3 Nc6 3. d4 cxd4 4. Nxd4 d6 5. Nc3 Nf6 6. Be2 e5 7. Nb3 Be6 8.
Be3 d5 9. exd5 Nxd5 10. Nxd5 Bxd5 11. Bf3 e4 12. Be2 Bb4+ 13. c3 Be7 14. O-O
O-O 15. f3 Ne5 16. fxe4 Bxe4 17. Qxd8 Rfxd8 18. Nd4 Bc5 19. Rf4 Bd3 20. Bxd3
Nxd3 21. Rf5 Re8 22. Bf2 Bb6 23. Rb1 Rad8 24. Rf3 Nxf2 25. Kxf2 Bxd4+ 26. cxd4
Rxd4 27. Kg3 f6 28. Rbf1 Rb4 29. R1f2 Re5 30. Rc2 Kf7 31. h3 Re7 32. Kh2 Rbe4
33. Ra3 Re2 34. Rxe2 Rxe2 35. Rb3 Re7 36. Rc3 Kg6 37. Kg3 Kf5 38. Kf3 g5 39.
Rc5+ Kg6 40. Rc8 h5 41. Rg8+ Kf5 42. Rh8 Rc7 43. Rb8 b6 44. Rd8 Rc2 45. Rd5+
Ke6 46. Rb5 Rc4 47. Rb3 f5 48. Re3+ Kf6 49. Rd3 g4+ 50. hxg4 hxg4+ 51. Kg3 Kg5
52. Kh2 Rc2 53. Rb3 f4 54. Rb5+ Kh4 55. Kg1 g3 56. Kf1 Rf2+ 57. Kg1 Kg4 58. a3
Rc2 59. Kf1 Rc1+ 60. Ke2 Rg1 61. Kd3 Rxg2 62. Rb4 Rf2 63. Rc4 g2 64. Rc7 Rf1
65. Rg7+ Kf3 0-1

[Event "4NCL Online Division 3"]
[Site "online"]
[Date "2020.05.26"]
[Round "8.71"]
[White "Roberts, David N"]
[Black "Gruau, Martin G"]
[Result "1-0"]
[WhiteElo "1967"]
[BlackElo "2050"]
[PlyCount "77"]
[EventDate "2020.05.26"]
[WhiteTeam "Horsham"]
[BlackTeam "Catford Cosmonauts 2"]

1. Nf3 Nf6 2. c4 g6 3. Nc3 Bg7 4. g3 O-O 5. Bg2 d6 6. O-O Nbd7 7. Rb1 e5 8. d3
c6 9. b4 Nh5 10. Bg5 f6 11. Be3 f5 12. Bg5 Qc7 13. Qb3 h6 14. Bd2 f4 15. b5 Nc5
16. Qa3 g5 17. Ne4 Nxe4 18. dxe4 Be6 19. bxc6 bxc6 20. Ba5 Qe7 21. Bc3 Bxc4 22.
g4 Bxe2 23. gxh5 Bxf1 24. Bxf1 Qe6 25. Qa6 Kh8 26. h3 Bf6 27. Kh2 g4 28. Bc4
Qe8 29. hxg4 Rd8 30. Rd1 Qd7 31. Kh3 Qc7 32. Ba5 Qd7 33. Bxd8 Rxd8 34. Qa3 d5
35. exd5 e4 36. Nh4 Bxh4 37. Kxh4 Qe7+ 38. Kh3 f3 39. Qxe7 1-0

[Event "4NCL Online Division 3"]
[Site "online"]
[Date "2020.05.26"]
[Round "8.72"]
[White "Allen, John P"]
[Black "Taylor, Alex B"]
[Result "1-0"]
[WhiteElo "1915"]
[BlackElo "1915"]
[PlyCount "55"]
[EventDate "2020.05.26"]
[WhiteTeam "Catford Cosmonauts 2"]
[BlackTeam "Horsham"]

1. e4 c5 2. c3 Nf6 3. e5 Nd5 4. d4 cxd4 5. cxd4 Nc6 6. Bc4 Nb6 7. Bb3 d6 8. Nf3
e6 9. O-O Be7 10. Nc3 O-O 11. Bf4 dxe5 12. dxe5 a6 13. Qe2 Nd7 14. Ne4 Qc7 15.
Rac1 Qb8 16. Ned2 Rd8 17. Rfd1 Nf8 18. Nc4 Nd7 19. Rc3 b5 20. Nd6 Bxd6 21. Rxd6
Ne7 22. Qd2 Ra7 23. Bg5 f6 24. Bxe6+ Kh8 25. exf6 Re8 26. fxg7+ Kxg7 27. Bh6+
Kh8 28. Qd4+ 1-0

[Event "4NCL Online Division 3"]
[Site "online"]
[Date "2020.05.26"]
[Round "8.73"]
[White "Ashby, Nicholas G"]
[Black "Stewart, Martin"]
[Result "1-0"]
[WhiteElo "1817"]
[BlackElo "1802"]
[PlyCount "75"]
[EventDate "2020.05.26"]
[WhiteTeam "Horsham"]
[BlackTeam "Catford Cosmonauts 2"]

1. d4 Nf6 2. Nd2 d5 3. Ngf3 Nc6 4. e3 e6 5. a3 Bd6 6. c4 dxc4 7. Nxc4 O-O 8.
Bd2 Re8 9. Bc3 Ne4 10. Bd3 Nxc3 11. bxc3 e5 12. dxe5 Bc5 13. Qc2 g6 14. O-O Be6
15. Rfd1 Qe7 16. Ncd2 Bg4 17. Bb5 Bd7 18. Ne4 Nxe5 19. Bxd7 Nxd7 20. Rxd7 Qxe4
21. Qb3 Re7 22. Ng5 Qf5 23. Rd5 Qf6 24. Qxb7 Rae8 25. Rxc5 Re5 26. Rxe5 Qxe5
27. Qc6 Re7 28. Nf3 Qa5 29. Qf6 Re6 30. Qd8+ Kg7 31. Qd4+ Kh6 32. Qh4+ Kg7 33.
Ng5 Rf6 34. Qxh7+ Kf8 35. Rd1 Ke7 36. Qg8 c6 37. Nh7 Qxc3 38. Nxf6 1-0

[Event "4NCL Online Division 3"]
[Site "online"]
[Date "2020.05.26"]
[Round "8.81"]
[White "Elwin, Adrian G"]
[Black "Kennedy, Craig"]
[Result "1-0"]
[WhiteElo "1982"]
[BlackElo "1937"]
[PlyCount "111"]
[EventDate "2020.05.26"]
[WhiteTeam "MK Phoenix 2"]
[BlackTeam "Mushrooms 2"]

1. d4 d5 2. c4 e6 3. Nc3 c6 4. cxd5 exd5 5. Bf4 Bd6 6. Bxd6 Qxd6 7. e3 Bf5 8.
Bd3 Bxd3 9. Qxd3 Nf6 10. Nf3 O-O 11. Ne5 Nbd7 12. f4 Rfe8 13. O-O Ne4 14. Nxe4
dxe4 15. Qb3 Nxe5 16. fxe5 Qe7 17. Rf4 Rf8 18. Raf1 Rad8 19. Rxe4 Rd5 20. Ref4
Rb5 21. Qc3 Qb4 22. Qxb4 Rxb4 23. b3 a5 24. Rc1 Rd8 25. Rf2 h6 26. Rfc2 Ra8 27.
Rc4 Rb5 28. Kf2 Kf8 29. Rc5 Rxc5 30. Rxc5 a4 31. b4 a3 32. Rc3 Ra4 33. Rb3 Ke7
34. Ke2 Ke6 35. e4 f6 36. exf6 Kxf6 37. Kd3 Kg5 38. Kc4 Kf4 39. e5 Kf5 40. Rg3
g5 41. Rh3 Kg6 42. Rf3 Ra8 43. Kc5 Rd8 44. Rxa3 Rd5+ 45. Kc4 Kf5 46. Ra5 Rd7
47. Kd3 Kf4 48. Ra8 Re7 49. Rf8+ Kg4 50. Ke4 h5 51. Rf3 h4 52. h3+ Kh5 53. Rf6
Rg7 54. Kf5 g4 55. hxg4+ Rxg4 56. Rh6+ 1-0

[Event "4NCL Online Division 3"]
[Site "online"]
[Date "2020.05.26"]
[Round "8.82"]
[White "Hortin, Matthew J"]
[Black "Edwards, Peter"]
[Result "1/2-1/2"]
[WhiteElo "1930"]
[BlackElo "1870"]
[PlyCount "49"]
[EventDate "2020.05.26"]
[WhiteTeam "Mushrooms 2"]
[BlackTeam "MK Phoenix 2"]

1. c4 c5 2. Nf3 Nc6 3. Nc3 Nf6 4. g3 b6 5. Bg2 Bb7 6. O-O g6 7. b3 Bg7 8. Bb2
O-O 9. d4 Nxd4 10. Nxd4 Bxg2 11. Kxg2 cxd4 12. Qxd4 d5 13. cxd5 e6 14. Ne4 Qxd5
15. Qxd5 Nxd5 16. Bxg7 Kxg7 17. Rac1 Rfd8 18. Rc6 Rd7 19. a3 h6 20. Rfc1 Rad8
21. Rc8 f5 22. Rxd8 Rxd8 23. Nc3 Rc8 24. Na2 Rd8 25. Rc6 1/2-1/2

[Event "4NCL Online Division 3"]
[Site "online"]
[Date "2020.05.26"]
[Round "8.83"]
[White "Whiteside, Robert"]
[Black "Fenwick, Hugh F"]
[Result "1-0"]
[WhiteElo "1792"]
[BlackElo "1907"]
[PlyCount "97"]
[EventDate "2020.05.26"]
[WhiteTeam "MK Phoenix 2"]
[BlackTeam "Mushrooms 2"]

1. e4 e6 2. d4 d5 3. Be3 Nf6 4. e5 Nfd7 5. f4 c5 6. c3 Nc6 7. Nf3 Qb6 8. Qd2 f6
9. Be2 Be7 10. O-O O-O 11. Kh1 Na5 12. Na3 a6 13. Rab1 Qc7 14. b4 cxb4 15. cxb4
Nc6 16. Nc2 Nb6 17. Qc3 Qd8 18. Qb3 Bd7 19. exf6 Bxf6 20. Ne5 Qe7 21. Bd3 Rac8
22. Rf3 Bxe5 23. dxe5 Nc4 24. Bc5 Qf7 25. Bxc4 dxc4 26. Qxc4 Ne7 27. Qd3 Rfd8
28. Bb6 Bb5 29. Qxd8+ Rxd8 30. Bxd8 Bc6 31. Rf2 Nf5 32. Rd1 Qh5 33. Rfd2 Ng3+
34. Kg1 Ne2+ 35. Kh1 Nxf4 36. Ne3 Qxe5 37. Bb6 Qb5 38. Bc5 Kf7 39. Rf2 g5 40.
Ng4 Kg7 41. Rdd2 Ng6 42. Kg1 Qc4 43. h3 e5 44. Nxe5 Qc1+ 45. Kh2 Nf4 46. Bd4
Kg8 47. Bb2 Qe1 48. Rd8+ Kg7 49. Nf3+ 1-0

[Event "4NCL Online Division 3"]
[Site "online"]
[Date "2020.05.26"]
[Round "8.84"]
[White "Joslin, Tim"]
[Black "Cox, Lucian"]
[Result "1-0"]
[WhiteElo "1870"]
[BlackElo "1051"]
[PlyCount "27"]
[EventDate "2020.05.26"]
[WhiteTeam "Mushrooms 2"]
[BlackTeam "MK Phoenix 2"]

1. e4 c5 2. c3 d5 3. exd5 Qxd5 4. d4 Nf6 5. Nf3 Bg4 6. Nbd2 e6 7. Qa4+ Nc6 8.
Bb5 O-O-O 9. Bxc6 bxc6 10. Qxa7 Ne4 11. Qa6+ Kb8 12. Nc4 Kc7 13. Qa7+ Kc8 14.
Nb6# 1-0

[Event "4NCL Online Division 3"]
[Site "online"]
[Date "2020.05.26"]
[Round "8.91"]
[White "Boardman, Jeffrey"]
[Black "Yeo, Gareth"]
[Result "0-1"]
[WhiteElo "1975"]
[BlackElo "1980"]
[PlyCount "144"]
[EventDate "2020.05.26"]
[WhiteTeam "Railsport"]
[BlackTeam "West is Best 2"]

1. b3 f5 2. e4 fxe4 3. d3 exd3 4. Bxd3 Nf6 5. Bb2 Nc6 6. Bxf6 exf6 7. Qh5+ Ke7
8. Nc3 Ne5 9. Nd5+ Kd6 10. Be4 c6 11. f4 cxd5 12. fxe5+ Kc7 13. Bxd5 Bb4+ 14.
Kf1 Bc3 15. Rd1 Bxe5 16. Qf7 Qf8 17. Qh5 d6 18. Nf3 Bd7 19. Kf2 Re8 20. Rhe1
Bc3 21. Re4 Rxe4 22. Bxe4 f5 23. Bd5 Qe7 24. Rd3 Qf6 25. Qh3 Ba5 26. Qh4 Bb6+
27. Ke2 Re8+ 28. Kd2 Qxh4 29. Nxh4 g5 30. Nf3 h6 31. Nd4 Re5 32. c4 a6 33. a3
f4 34. h3 h5 35. Nf3 Be3+ 36. Kc3 Rf5 37. Be4 Ra5 38. Kb2 g4 39. b4 Bf5 40.
Bxf5 Rxf5 41. hxg4 hxg4 42. Nd4 Bxd4+ 43. Rxd4 f3 44. gxf3 gxf3 45. Rd1 f2 46.
Rf1 Rf3 47. a4 Kc6 48. Kc2 a5 49. bxa5 Kc5 50. Kd2 Kxc4 51. Ke2 Rf5 52. Rc1+
Kb4 53. Kf1 Kxa5 54. Rb1 Kxa4 55. Rxb7 d5 56. Rb8 d4 57. Rb7 Ka3 58. Rb8 Ka2
59. Rb7 Rf4 60. Rb8 Rf7 61. Rd8 Rf4 62. Rb8 Rf3 63. Rd8 Rd3 64. Kxf2 Kb3 65.
Ke2 Kc2 66. Rc8+ Rc3 67. Ra8 d3+ 68. Kf2 d2 69. Ra2+ Kd3 70. Ra1 Rc1 71. Ra3+
Kc4 72. Ra4+ Kb3 0-1

[Event "4NCL Online Division 3"]
[Site "online"]
[Date "2020.05.26"]
[Round "8.92"]
[White "Taylor, William J"]
[Black "McGovern, Derek P"]
[Result "1-0"]
[WhiteElo "1959"]
[BlackElo "1855"]
[PlyCount "73"]
[EventDate "2020.05.26"]
[WhiteTeam "West is Best 2"]
[BlackTeam "Railsport"]

1. e4 d5 2. exd5 Qxd5 3. Nc3 Qa5 4. d4 Nf6 5. Bc4 c6 6. Bd2 Bf5 7. Nd5 Qd8 8.
Nxf6+ gxf6 9. Nf3 Qc7 10. O-O Nd7 11. Re1 e6 12. Nh4 Bg6 13. g3 O-O-O 14. Qe2
Bd6 15. Nxg6 hxg6 16. b4 Nb6 17. Bb3 Qe7 18. a3 Bc7 19. Bc3 Nd5 20. Bb2 Qd6 21.
Qf3 g5 22. c4 g4 23. Qxg4 Rdg8 24. Qf3 Nf4 25. d5 e5 26. Kf1 Ng6 27. c5 Qf8 28.
dxc6 bxc6 29. Qxc6 Qe8 30. Qxe8+ Rxe8 31. Bxf7 Re7 32. Bxg6 Rxh2 33. Ke2 Rg7
34. Bf5+ Kb8 35. g4 Rh3 36. Rh1 Rb3 37. Rab1 1-0

[Event "4NCL Online Division 3"]
[Site "online"]
[Date "2020.05.26"]
[Round "8.93"]
[White "Jones, H Trevor"]
[Black "Hurley, Jake"]
[Result "1/2-1/2"]
[WhiteElo "1795"]
[BlackElo "1780"]
[PlyCount "94"]
[EventDate "2020.05.26"]
[WhiteTeam "Railsport"]
[BlackTeam "West is Best 2"]

1. c4 e5 2. Nc3 Nc6 3. g3 f5 4. Bg2 Nf6 5. d3 Bc5 6. e3 O-O 7. Nge2 d6 8. O-O
Bb6 9. a3 a5 10. Na4 Ba7 11. d4 Qe8 12. d5 Ne7 13. b4 f4 14. exf4 Qh5 15. c5
Bh3 16. Nec3 Ng4 17. f3 Bxg2 18. fxg4 Qh3 19. Rf2 axb4 20. axb4 b5 21. Rxg2
bxa4 22. Be3 exf4 23. Bd4 f3 24. Rf2 Qxg4 25. Nb5 dxc5 26. Bxc5 Bxc5 27. bxc5
Qd7 28. d6 cxd6 29. cxd6 Qxb5 30. dxe7 Rfe8 31. Qxf3 Qb3 32. Qxb3+ axb3 33.
Rxa8 Rxa8 34. Rb2 Kf7 35. Rxb3 Ra2 36. Re3 Ke8 37. h4 Rb2 38. Kf1 Rb7 39. Kf2
Rxe7 40. Rxe7+ Kxe7 41. Kf3 Kf7 42. Kf4 Kf6 43. g4 g5+ 44. hxg5+ Kg6 45. Kg3
Kxg5 46. Kh3 h5 47. gxh5 Kxh5 1/2-1/2

[Event "4NCL Online Division 3"]
[Site "online"]
[Date "2020.05.26"]
[Round "8.94"]
[White "Davis, Ashley J"]
[Black "Broad, Michael J"]
[Result "1-0"]
[WhiteElo "1852"]
[BlackElo "1720"]
[PlyCount "71"]
[EventDate "2020.05.26"]
[WhiteTeam "West is Best 2"]
[BlackTeam "Railsport"]

1. d4 d5 2. g3 b6 3. Bg2 Bb7 4. Nf3 Nd7 5. O-O e6 6. c4 Ngf6 7. Nc3 a6 8. cxd5
exd5 9. Qc2 Bd6 10. Nh4 O-O 11. Nf5 Re8 12. Nxd6 cxd6 13. Bg5 h6 14. Bxf6 Nxf6
15. e3 Rc8 16. Qb3 Rc4 17. Nxd5 Bxd5 18. Bxd5 Rc7 19. Bg2 b5 20. a4 Qb8 21.
axb5 Qxb5 22. Qxb5 axb5 23. Rfc1 Rec8 24. Rxc7 Rxc7 25. Bf1 b4 26. Ra8+ Kh7 27.
Rb8 Rc1 28. Kg2 g6 29. Rxb4 Ne4 30. Bd3 Nf6 31. Rb6 Rd1 32. Rxd6 Ng4 33. Be2
Nxe3+ 34. fxe3 Rd2 35. Kf3 Rxb2 36. Rd7 1-0

[Event "4NCL Online Division 3"]
[Site "online"]
[Date "2020.05.26"]
[Round "8.101"]
[White "Gostelow, David W"]
[Black "Smith, Simon C"]
[Result "1-0"]
[WhiteElo "1990"]
[BlackElo "1915"]
[PlyCount "77"]
[EventDate "2020.05.26"]
[WhiteTeam "Shropshire 2"]
[BlackTeam "Warley Mighty Quins"]

1. d4 Nf6 2. Bf4 d6 3. Nc3 Nbd7 4. Nf3 g6 5. e4 Bg7 6. Qd2 h6 7. h4 c5 8. O-O-O
cxd4 9. Nxd4 e5 10. Ndb5 exf4 11. Qxd6 Qb6 12. Nc7+ Kd8 13. Nxa8 Qxd6 14. Rxd6
Re8 15. f3 b6 16. Bb5 Bb7 17. Rhd1 Re7 18. Nxb6 axb6 19. Rxb6 Kc7 20. Rbd6 Ne5
21. a4 g5 22. a5 gxh4 23. a6 Ba8 24. Rd8 Bc6 25. a7 Bb7 26. a8=Q Bxa8 27. Rxa8
Kb7 28. Rad8 h3 29. Rg1 Nh5 30. Nd5 Re6 31. Bd7 Rg6 32. Bc8+ Ka7 33. Bxh3 Nxf3
34. Rf1 Nd4 35. c3 Ne2+ 36. Kd2 Neg3 37. Ra1+ Kb7 38. Rd7+ Kc6 39. Ne7+ 1-0